00681nam a2200289Ia 4500008004100000050001000041050001400051100001500065245002500080245002200105245001800127260001600145260003400161260000900195300001600204300002000220300001000240440000900250650002500259650002500284650001600309650001300325650001100338700001200349700001100361999001900372170711s9999 xx 000 0 und d a428.2 bY192 2009 aYam, Peter aVocabulary & usage : bsecondary level / cby Peter Yam. aSingapore : bSingapore Asian Publications, c2009 a176 pages : billustrations ; c22cm. aSAP. aEnglish language --  aEnglish language --  aVocabulary. xGrammar. xUsage. aSeries. aTitle. c340047d340047